Between marriage and the market : (Record no. 11835)
[ view plain ]
| 000 -LEADER | |
|---|---|
| fixed length control field | 01837cam a2200385 a 4500 |
| 001 - CONTROL NUMBER | |
| control field | 3526124 |
| 005 - DATE AND TIME OF LATEST TRANSACTION | |
| control field | 20041208213743.0 |
| 007 - PHYSICAL DESCRIPTION FIXED FIELD--GENERAL INFORMATION | |
| fixed length control field | cr_||||||||||| |
| 008 - FIXED-LENGTH DATA ELEMENTS--GENERAL INFORMATION | |
| fixed length control field | 961029s1997 cau b s001 0 eng |
| 010 ## - LIBRARY OF CONGRESS CONTROL NUMBER | |
| LC control number | 96037296 |
| 020 ## - INTERNATIONAL STANDARD BOOK NUMBER | |
| International Standard Book Number | 0520206118 (cloth : alk. paper) |
| 020 ## - INTERNATIONAL STANDARD BOOK NUMBER | |
| International Standard Book Number | 0520208250 (pbk. : alk. paper) |
| 040 ## - CATALOGING SOURCE | |
| Original cataloging agency | DLC |
| Transcribing agency | DLC |
| Modifying agency | DLC |
| 043 ## - GEOGRAPHIC AREA CODE | |
| Geographic area code | f-ua--- |
| 050 00 - LIBRARY OF CONGRESS CALL NUMBER | |
| Classification number | HC830.Z7 |
| Item number | C343 1997 |
| 082 00 - DEWEY DECIMAL CLASSIFICATION NUMBER | |
| Classification number | 339.22 |
| Edition number | 21 |
| Item number | HOO |
| 100 1# - MAIN ENTRY--PERSONAL NAME | |
| Personal name | Hoodfar, Homa. |
| 9 (RLIN) | 6182 |
| 245 10 - TITLE STATEMENT | |
| Title | Between marriage and the market : |
| Remainder of title | intimate politics and survival in Cairo / |
| Statement of responsibility, etc | Homa Hoodfar. |
| 260 ## - PUBLICATION, DISTRIBUTION, ETC. (IMPRINT) | |
| Place of publication, distribution, etc | Cairo : |
| Name of publisher, distributor, etc | The American University in cairo, |
| Date of publication, distribution, etc | c1997. |
| 300 ## - PHYSICAL DESCRIPTION | |
| Extent | xviii, 302 p. ; |
| Dimensions | 24 cm. |
| 440 #0 - | |
| -- | Comparative studies on Muslim societies ; |
| -- | 24 |
| -- | 6183 |
| 500 ## - GENERAL NOTE | |
| General note | Includes Index. |
| 504 ## - BIBLIOGRAPHY, ETC. NOTE | |
| Bibliography, etc | Includes bibliographical references (p. 277-297) and index. |
| 530 ## - ADDITIONAL PHYSICAL FORM AVAILABLE NOTE | |
| Additional physical form available note | A digital reproduction is available from E-Editions, a collaboration of the University of California Press and the California Digital Library's eScholarship program. |
| 650 #0 - SUBJECT ADDED ENTRY--TOPICAL TERM | |
| Topical term or geographic name as entry element | Households |
| General subdivision | Economic aspects |
| Geographic subdivision | Egypt |
| -- | Cairo Region. |
| 9 (RLIN) | 6184 |
| 650 #0 - SUBJECT ADDED ENTRY--TOPICAL TERM | |
| Topical term or geographic name as entry element | Home economics |
| Geographic subdivision | Egypt |
| -- | Cairo Region. |
| 9 (RLIN) | 6185 |
| 650 #0 - SUBJECT ADDED ENTRY--TOPICAL TERM | |
| Topical term or geographic name as entry element | Poor |
| Geographic subdivision | Egypt |
| -- | Cairo Region. |
| 9 (RLIN) | 6186 |
| 650 #0 - SUBJECT ADDED ENTRY--TOPICAL TERM | |
| Topical term or geographic name as entry element | Sex role |
| Geographic subdivision | Egypt |
| -- | Cairo Region. |
| 9 (RLIN) | 6187 |
| 856 42 - ELECTRONIC LOCATION AND ACCESS | |
| Materials specified | Contributor biographical information |
| Uniform Resource Identifier | <a href="http://www.loc.gov/catdir/bios/ucal051/96037296.html">http://www.loc.gov/catdir/bios/ucal051/96037296.html</a> |
| 856 42 - ELECTRONIC LOCATION AND ACCESS | |
| Materials specified | Publisher description |
| Uniform Resource Identifier | <a href="http://www.loc.gov/catdir/description/ucal041/96037296.html">http://www.loc.gov/catdir/description/ucal041/96037296.html</a> |
| 856 41 - ELECTRONIC LOCATION AND ACCESS | |
| Uniform Resource Identifier | <a href="http://ark.cdlib.org/ark:/13030/ft0f59n74g">http://ark.cdlib.org/ark:/13030/ft0f59n74g</a> |
| 942 ## - ADDED ENTRY ELEMENTS (KOHA) | |
| Source of classification or shelving scheme | Dewey Decimal Classification |
| Item type | Book - Borrowing |
| Withdrawn status | Item status | Source of classification or shelving scheme | Damaged status | Not for loan | Vendor | Home library | Current library | Shelving location | Date acquired | Source of acquisition | Cost, normal purchase price | Serial Enumeration / chronology | Total Checkouts | Full call number | Barcode | Date last seen | Koha item type |
|---|---|---|---|---|---|---|---|---|---|---|---|---|---|---|---|---|---|
| Dewey Decimal Classification | AUC | Central Library | Central Library | First floor | 15/06/2009 | 10.00 | 4122 | 339.22 HOO | 000016696 | 15/07/2025 | Book - Borrowing |